00419nam a2200157Ia 450000500170000000800410001704000190005804100120007708200130008910000190010224500530012126000410017430000160021565000200023185000100025120240408104408.0131103s9999 xx 000 0 und d aLoreto College aEnglish a425bBAG aBagchi, Ganesh aICSE english language test paperscGanesh Bagchi aDelhibOxford University Pressc1976 a69p.b ill. aEnglish grammar aLCBED